Gemba Kaizen : Řízení a zlepšování kvality na pracovišti
Saved in:
| Main Author: | |
|---|---|
| Format: | Book |
| Language: | Czech |
| Published: |
Brno :
Computer Press,
2005
|
| Edition: | 1. vyd |
| Subjects: | |
| Online Access: | OBSAH |
| Tags: |
No Tags, Be the first to tag this record!
|
MARC
| LEADER | 00000nam a22000003a 4500 | ||
|---|---|---|---|
| 001 | stu112386 | ||
| 005 | 20150617225842.1 | ||
| 008 | 060302s2005----xr------------------cze-d | ||
| 020 | |a 80-251-0850-3 | ||
| 040 | |a STU |b slo | ||
| 041 | 0 | |a cze | |
| 044 | |a xr | ||
| 080 | |a 005 |7 stu_us_auth*stu3822 | ||
| 080 | |a 658.56 | ||
| 100 | 1 | |a Imai, Masaaki |4 aut | |
| 245 | 1 | |a Gemba Kaizen : |b Řízení a zlepšování kvality na pracovišti | |
| 250 | |a 1. vyd | ||
| 260 | |a Brno : |b Computer Press, |c 2005 | ||
| 300 | |a 314 s | ||
| 650 | 7 | |a manažment kvality |2 stusub | |
| 856 | 4 | |a https://sweb.mtf.stuba.sk/obsahy/gemba_kaizen_05.pdf |u https://sweb.mtf.stuba.sk/obsahy/gemba_kaizen_05.pdf |3 OBSAH | |
| 996 | |b 284M072378 |c M*11854-1 |l MMKN |s A |a 24 |w stu112386_0001 | ||
| 996 | |b 284M072379 |c M*11854-2 |l MMKN |s A |a 24 |w stu112386_0002 | ||
| 996 | |b 284M072380 |c M*11854-3 |l MMKN |s A |a 24 |w stu112386_0003 | ||